| 000 | 01454cab a2200241 4500 | ||
|---|---|---|---|
| 001 | ABS47620 | ||
| 008 | 090401t1992 xxu||||| |||| 00| 0 eng d | ||
| 035 | _a(Sirsi) u62672 | ||
| 041 | _aeng | ||
| 245 | _aCurrie`s Executors v SoS for Scotland | ||
| 260 | _c1992 | ||
| 350 | _a0 | ||
| 490 |
_aScots Law Times _v1992 SLT 69-73(5) |
||
| 520 | _aLTS 18 March 1992. The question of the amount of compensation payable for loss or damage incurred as a result of the refusal of scheduled monument consent was referred to the Lands Tribunal. The claimants contended that such loss should be assessed at the date of scheduling. The SoS contended that loss should be assessed as at the date of refusal. The tribunal held that compensation was payable for loss or damage under the Ancient Monuments Act 1979 only as a result of the refusal of scheduled monument consent. C had to prove that depreciation in the value of his interest in land had occurred in consequence thereof. The tribunal held that C were not entitled to compensation and found them liable to the SoS for costs. | ||
| 650 | _aANCIENT MONUMENTS AND ARCHAEOLOGICAL AREAS ACT 1979 S7 | ||
| 650 | _aCOMPENSATION | ||
| 650 | _aREFUSAL OF CONSENT | ||
| 650 | _aSCHEDULED MONUMENT CONSENT | ||
| 690 | _aENVIRONMENTAL AND LAND CONSULTANCY-PLANNING AND DEVELOPMENT-COMPULSORY PURCHASE AND COMPENSATION | ||
| 690 | _aPLANNING LAW AND PRACTICE-CASE LAW | ||
| 942 | _n0 | ||
| 948 | _c04/03/1997 | ||
| 999 |
_c38914 _d38914 |
||